| 000 | 00606 a2200193 4500 | ||
|---|---|---|---|
| 999 |
_c182806 _d182806 |
||
| 005 | 20211206165632.0 | ||
| 010 | _aENG-130212 | ||
| 020 |
_c125.00 _a978-93-90866-54-0 |
||
| 035 | _aEN-113744 | ||
| 037 | _bDBAD / PUB | ||
| 082 | _a822.3 | ||
| 100 | _aPrapanjan | ||
| 245 |
_aThree plays : _cPrapanjan, Translated by P. Raja |
||
| 250 | _a2021 | ||
| 260 |
_aNew Delhi _bSahitya Akademi _c2021 |
||
| 270 |
_aRabindra Bhavan, 35, Ferozeshah Road _bNew Delhi _e110001 _k011-23386626 _msecretary@sahitya-akademi.gov.in |
||
| 300 |
_a69p. _c21cm (pbk) |
||
| 942 |
_adpl _cEN _2ddc _h822.3 _mPRA |
||